<?xml version="1.0" encoding="UTF-8"?>
<record
    xmlns:xsi="http://www.w3.org/2001/XMLSchema-instance"
    xsi:schemaLocation="http://www.loc.gov/MARC21/slim http://www.loc.gov/standards/marcxml/schema/MARC21slim.xsd"
    xmlns="http://www.loc.gov/MARC21/slim">

  <leader>01839nam a2200253   4500</leader>
  <controlfield tag="003">NALT</controlfield>
  <controlfield tag="005">20251031133241.0</controlfield>
  <controlfield tag="008">251027b        th ||||| |||| 00| 0 tha d</controlfield>
  <datafield tag="040" ind1=" " ind2=" ">
    <subfield code="a">NALT</subfield>
  </datafield>
  <datafield tag="050" ind1=" " ind2=" ">
    <subfield code="a">HG 1710</subfield>
    <subfield code="b">&#xE21;154&#xE04; 2567</subfield>
  </datafield>
  <datafield tag="100" ind1="0" ind2=" ">
    <subfield code="a">&#xE21;&#xE19;&#xE17;&#xE34;&#xE0A;&#xE32; &#xE27;&#xE07;&#xE28;&#xE4C;&#xE2D;&#xE34;&#xE19;&#xE15;&#xE32;.</subfield>
    <subfield code="9">66799</subfield>
  </datafield>
  <datafield tag="245" ind1="1" ind2="0">
    <subfield code="a">&#xE04;&#xE23;&#xE34;&#xE1B;&#xE42;&#xE15;&#xE2D;&#xE32;&#xE23;&#xE4C;&#xE15; : </subfield>
    <subfield code="b">&#xE2D;&#xE32;&#xE13;&#xE32;&#xE1A;&#xE23;&#xE34;&#xE40;&#xE27;&#xE13;&#xE43;&#xE2B;&#xE21;&#xE48;&#xE41;&#xE2B;&#xE48;&#xE07;&#xE42;&#xE25;&#xE01;&#xE28;&#xE34;&#xE25;&#xE1B;&#xE30;&#xE01;&#xE31;&#xE1A;&#xE04;&#xE27;&#xE32;&#xE21;&#xE40;&#xE1B;&#xE47;&#xE19;&#xE44;&#xE1B;&#xE44;&#xE14;&#xE49;&#xE43;&#xE19;&#xE01;&#xE32;&#xE23;&#xE40;&#xE1E;&#xE34;&#xE48;&#xE21;&#xE2D;&#xE33;&#xE19;&#xE32;&#xE08;&#xE01;&#xE32;&#xE23;&#xE41;&#xE02;&#xE48;&#xE07;&#xE02;&#xE31;&#xE19;&#xE43;&#xE19;&#xE1A;&#xE23;&#xE34;&#xE1A;&#xE17;&#xE17;&#xE38;&#xE19;&#xE14;&#xE34;&#xE08;&#xE34;&#xE17;&#xE31;&#xE25; /  </subfield>
    <subfield code="c">&#xE21;&#xE19;&#xE17;&#xE34;&#xE0A;&#xE32; &#xE27;&#xE07;&#xE28;&#xE4C;&#xE2D;&#xE34;&#xE19;&#xE15;&#xE32;. </subfield>
  </datafield>
  <datafield tag="260" ind1=" " ind2=" ">
    <subfield code="a">&#xE40;&#xE0A;&#xE35;&#xE22;&#xE07;&#xE43;&#xE2B;&#xE21;&#xE48; : </subfield>
    <subfield code="b">&#xE21;&#xE2B;&#xE32;&#xE27;&#xE34;&#xE17;&#xE22;&#xE32;&#xE25;&#xE31;&#xE22;&#xE40;&#xE0A;&#xE35;&#xE22;&#xE07;&#xE43;&#xE2B;&#xE21;&#xE48;, </subfield>
    <subfield code="c">2567.</subfield>
  </datafield>
  <datafield tag="300" ind1=" " ind2=" ">
    <subfield code="a">155 &#xE2B;&#xE19;&#xE49;&#xE32; : </subfield>
    <subfield code="b">&#xE20;&#xE32;&#xE1E;&#xE1B;&#xE23;&#xE30;&#xE01;&#xE2D;&#xE1A;, &#xE15;&#xE32;&#xE23;&#xE32;&#xE07;, &#xE41;&#xE1C;&#xE19;&#xE20;&#xE39;&#xE21;&#xE34; ;</subfield>
    <subfield code="c">30 &#xE0B;&#xE21;. </subfield>
  </datafield>
  <datafield tag="505" ind1="2" ind2=" ">
    <subfield code="a">&#xE1A;&#xE17;&#xE17;&#xE35;&#xE48; 1 &#xE1A;&#xE17;&#xE19;&#xE33; -- &#xE1A;&#xE17;&#xE17;&#xE35;&#xE48; 2 &#xE2D;&#xE32;&#xE13;&#xE32;&#xE1A;&#xE23;&#xE34;&#xE40;&#xE27;&#xE13;&#xE02;&#xE2D;&#xE07;&#xE42;&#xE25;&#xE01;&#xE28;&#xE34;&#xE25;&#xE1B;&#xE30; NFT -- &#xE1A;&#xE17;&#xE17;&#xE35;&#xE48; 3 &#xE01;&#xE32;&#xE23;&#xE14;&#xE33;&#xE23;&#xE07;&#xE2D;&#xE22;&#xE39;&#xE48;&#xE02;&#xE2D;&#xE07;&#xE23;&#xE30;&#xE1A;&#xE1A;&#xE2D;&#xE38;&#xE1B;&#xE16;&#xE31;&#xE21;&#xE20;&#xE4C;&#xE43;&#xE19;&#xE42;&#xE25;&#xE01;&#xE28;&#xE34;&#xE25;&#xE1B;&#xE30; NFTs -- &#xE1A;&#xE17;&#xE17;&#xE35;&#xE48; 4 NFT &#xE43;&#xE19;&#xE10;&#xE32;&#xE19;&#xE30;&#xE2A;&#xE34;&#xE48;&#xE07;&#xE1B;&#xE23;&#xE30;&#xE01;&#xE2D;&#xE1A;&#xE2A;&#xE23;&#xE49;&#xE32;&#xE07;&#xE17;&#xE32;&#xE07;&#xE2A;&#xE31;&#xE07;&#xE04;&#xE21;&#xE01;&#xE31;&#xE1A;&#xE01;&#xE32;&#xE23;&#xE2A;&#xE23;&#xE49;&#xE32;&#xE07;&#xE18;&#xE23;&#xE23;&#xE21;&#xE0A;&#xE32;&#xE15;&#xE34;&#xE02;&#xE2D;&#xE07; NFT -- &#xE1A;&#xE17;&#xE17;&#xE35;&#xE48; 5 &#xE2A;&#xE23;&#xE38;&#xE1B;.</subfield>
  </datafield>
  <datafield tag="650" ind1=" " ind2="4">
    <subfield code="a">&#xE2A;&#xE34;&#xE19;&#xE17;&#xE23;&#xE31;&#xE1E;&#xE22;&#xE4C;&#xE14;&#xE34;&#xE08;&#xE34;&#xE17;&#xE31;&#xE25;</subfield>
    <subfield code="9">62605</subfield>
  </datafield>
  <datafield tag="650" ind1=" " ind2="4">
    <subfield code="a">&#xE40;&#xE2D;&#xE47;&#xE19;&#xE40;&#xE2D;&#xE1F;&#xE17;&#xE35; (&#xE42;&#xE17;&#xE40;&#xE04;&#xE47;&#xE19;)</subfield>
    <subfield code="9">66844</subfield>
  </datafield>
  <datafield tag="653" ind1=" " ind2="4">
    <subfield code="a">&#xE2A;&#xE34;&#xE19;&#xE17;&#xE23;&#xE31;&#xE1E;&#xE22;&#xE4C;&#xE14;&#xE34;&#xE08;&#xE34;&#xE17;&#xE31;&#xE25;&#xE17;&#xE35;&#xE48;&#xE21;&#xE35;&#xE25;&#xE31;&#xE01;&#xE29;&#xE13;&#xE30;&#xE40;&#xE09;&#xE1E;&#xE32;&#xE30;&#xE15;&#xE31;&#xE27; </subfield>
  </datafield>
  <datafield tag="942" ind1=" " ind2=" ">
    <subfield code="2">lcc</subfield>
    <subfield code="c">RSH</subfield>
  </datafield>
  <datafield tag="996" ind1=" " ind2=" ">
    <subfield code="a">jidapa.t</subfield>
    <subfield code="b">ACQSTF</subfield>
    <subfield code="c">2025-10-27</subfield>
  </datafield>
  <datafield tag="996" ind1=" " ind2=" ">
    <subfield code="a">varee.k</subfield>
    <subfield code="b">LIBSTF</subfield>
    <subfield code="c">2025-10-30</subfield>
  </datafield>
  <datafield tag="996" ind1=" " ind2=" ">
    <subfield code="a">saiphon.d</subfield>
    <subfield code="b">CATSTF	</subfield>
    <subfield code="c">2025-10-31</subfield>
  </datafield>
  <datafield tag="999" ind1=" " ind2=" ">
    <subfield code="c">107412</subfield>
    <subfield code="d">107412</subfield>
  </datafield>
  <datafield tag="998" ind1=" " ind2=" ">
    <subfield code="j">104</subfield>
    <subfield code="k"> &#xE19;&#xE32;&#xE07;&#xE2A;&#xE32;&#xE27;&#xE2A;&#xE32;&#xE22;&#xE1D;&#xE19;  &#xE14;&#xE35;&#xE07;&#xE32;&#xE21;</subfield>
  </datafield>
  <datafield tag="952" ind1=" " ind2=" ">
    <subfield code="0">0</subfield>
    <subfield code="1">0</subfield>
    <subfield code="2">lcc</subfield>
    <subfield code="4">0</subfield>
    <subfield code="7">0</subfield>
    <subfield code="8">CRSH</subfield>
    <subfield code="a">NALT</subfield>
    <subfield code="b">NALT</subfield>
    <subfield code="c">RSH</subfield>
    <subfield code="d">2025-10-27</subfield>
    <subfield code="l">0</subfield>
    <subfield code="o">&#xE27; HG 1710 &#xE21;154&#xE04; 2567</subfield>
    <subfield code="p">3961215849</subfield>
    <subfield code="r">2025-10-27 00:00:00</subfield>
    <subfield code="w">2025-10-27</subfield>
    <subfield code="y">RSH</subfield>
  </datafield>
</record>
